Statistiques concernant Rugby: Pays Champions du Monde (Hommes et Femmes)

Cliquez ici pour prendre le quiz!

Statistiques générales

  • Ce quiz a été pris 58 fois
  • Le résultat moyen est 5 sur 5

Statistiques - réponses

Answer % Correct
Nouvelle-Zélande
100%
Australie
100%
Afrique du sud
96%
Angleterre
96%
Etats-Unis
71%

Distribution des résultats

Percentile by Number Answered

% des personnes avec chaque résultat

Votre développement - résultats

Vous n’avez pas pris ce quiz